[Event "Montigny le Bretonneux op 22nd"]
[Site "Montigny le Bretonneux"]
[Date "2023.12.27"]
[Round "2"]
[White "Prevost, Yvan"]
[Black "Couradin, Jean Marie"]
[Result "1/2-1/2"]
[WhiteElo "1272"]
[BlackElo "1410"]
[PlyCount "121"]
[EventDate "2023.12.27"]
[EventType "swiss"]
[EventRounds "7"]
[EventCountry "FRA"]
[SourceTitle "CB06_2024"]
[SourceDate "2024.02.07"]
[SourceVersion "1"]
[SourceVersionDate "2024.02.07"]
[SourceQuality "1"]

1. e4 e6 2. d4 d5 3. e5 c5 4. c3 Ne7 5. f4 Nec6 6. Nf3 b6 7. Bd3 Ba6 8. Bxa6 Nxa6 9. a3 Be7 10. 0-0 0-0 11. Be3 cxd4 12. cxd4 Nc7 13. Nc3 b5 14. b4 a6 15. Rc1 Qd7 16. Nb1 Rac8 17. Nbd2 Na8 18. Nb3 Nb6 19. Nfd2 Nc4 20. Nxc4 dxc4 21. Nc5 Bxc5 22. dxc5 Rfd8 23. Qxd7 Rxd7 24. Rfd1 Rxd1+ 25. Rxd1 Rd8 26. Rd6 Rxd6 27. cxd6 Kf8 28. Kf2 Ke8 29. Kf3 a5 30. bxa5 Nxa5 31. Bd2 Nc6 32. Bc3 g6 33. g4 Kd7 34. h4 h6 35. h5 gxh5 36. gxh5 Nb8 37. Ke4 Kc6 38. f5 Nd7 39. fxe6 fxe6 40. Kd4 Nc5 41. Be1 Nb3+ 42. Kc3 Nc5 43. Bh4 Nd3 44. Bg3 Nc5 45. Bf4 Ne4+ 46. Kc2 Kd7 47. Bxh6 Ng3 48. Kc3 Nxh5 49. Kb4 Kc6 50. d7 Kxd7 51. Kxb5 c3 52. Kb6 c2 53. a4 Kc8 54. Kc6 Ng7 55. Bg5 Nf5 56. a5 Kb8 57. Kc5 Nh4 58. Kd6 Nf3 59. Be3 Nxe5 60. Kxe5 Ka8 61. Kxe6 1/2-1/2

[Event "Montigny le Bretonneux op 25th"]
[Site "Montigny le Bretonneux"]
[Date "2023.05.21"]
[Round "9"]
[White "Baysse, Nathan"]
[Black "Couradin, Jean Marie"]
[Result "0-1"]
[WhiteElo "1199"]
[BlackElo "1476"]
[PlyCount "80"]
[EventDate "2023.05.18"]
[EventType "swiss"]
[EventRounds "9"]
[EventCountry "FRA"]
[SourceTitle "CBM 214 Extra"]
[Source "ChessBase"]
[SourceDate "2023.07.31"]
[SourceVersion "1"]
[SourceVersionDate "2023.07.31"]
[SourceQuality "1"]

1. e4 d6 2. Nf3 Nd7 3. Bc4 h6 4. Nc3 e5 5. d3 Ngf6 6. Be3 Be7 7. h3 c6 8. d4 Qc7 9. Qe2 b5 10. dxe5 dxe5 11. Bb3 b4 12. Nb1 Nxe4 13. Qc4 Nd6 14. Qxb4 a5 15. Qc3 Nf5 16. a4 0-0 17. 0-0 Ba6 18. Rd1 Bb4 19. Rxd7 Qxd7 20. Qxe5 Qd1+ 21. Kh2 Bd6 22. Qxd6 Qxd6+ 23. Kg1 Nxe3 24. fxe3 Qd1+ 25. Kh2 Be2 26. Nfd2 Rad8 27. Ra3 Rxd2 28. Nxd2 Qxd2 29. Kg1 Qxe3+ 30. Kh2 Qf2 31. Ra1 Bf1 32. Rxf1 Qxf1 33. c3 Rd8 34. Kg3 Rd3+ 35. Kg4 Qxg2+ 36. Kf4 g5+ 37. Ke5 Qe2+ 38. Kf5 Rf3+ 39. Kg4 Qg2+ 40. Kh5 Rxh3# 0-1

[Event "Montigny le Bretonneux op 25th"]
[Site "Montigny le Bretonneux"]
[Date "2023.05.21"]
[Round "7"]
[White "Couradin, Bruno"]
[Black "Couradin, Jean Marie"]
[Result "1/2-1/2"]
[WhiteElo "1343"]
[BlackElo "1476"]
[PlyCount "92"]
[EventDate "2023.05.18"]
[EventType "swiss"]
[EventRounds "9"]
[EventCountry "FRA"]
[SourceTitle "CBM 214 Extra"]
[Source "ChessBase"]
[SourceDate "2023.07.31"]
[SourceVersion "1"]
[SourceVersionDate "2023.07.31"]
[SourceQuality "1"]

1. d4 Nf6 2. c4 e6 3. Nc3 b6 4. Nf3 Bb7 5. e3 d5 6. Bd3 Bb4 7. Bd2 0-0 8. a3 Be7 9. 0-0 c5 10. Qc2 Nbd7 11. Rfe1 Re8 12. b3 Rc8 13. Rab1 cxd4 14. exd4 a6 15. Ne5 dxc4 16. bxc4 Bxa3 17. Qb3 Bf8 18. Nxd7 Nxd7 19. Be3 Rc6 20. Be4 Rc7 21. Bf4 e5 22. dxe5 Nxe5 23. Qxb6 Bxe4 24. Nxe4 Rb7 25. Qc6 Rxb1 26. Rxb1 Qd3 27. Re1 Nxc4 28. Qxe8 Qd4 29. Be3 Qxe4 30. Rc1 Qd3 31. g3 Nd2 32. Bc5 Nf3+ 33. Kg2 h6 34. Qxf8+ Kh7 35. Qxf7 Ne5 36. Qf4 Qd5+ 37. Kf1 Nd3 38. Qd2 Qh1+ 39. Ke2 Nxc1+ 40. Ke3 Kg8 41. Ba3 Nb3 42. Qc3 Qd5 43. Bb2 Qe6+ 44. Kf3 Qf7+ 45. Kg2 Qd5+ 46. Kf1 Qd1+ 1/2-1/2

[Event "Montigny le Bretonneux op 25th"]
[Site "Montigny le Bretonneux"]
[Date "2023.05.20"]
[Round "6"]
[White "Couradin, Jean Marie"]
[Black "Guerin, Sasha"]
[Result "0-1"]
[WhiteElo "1476"]
[BlackElo "1194"]
[PlyCount "44"]
[EventDate "2023.05.18"]
[EventType "swiss"]
[EventRounds "9"]
[EventCountry "FRA"]
[SourceTitle "CBM 214 Extra"]
[Source "ChessBase"]
[SourceDate "2023.07.31"]
[SourceVersion "1"]
[SourceVersionDate "2023.07.31"]
[SourceQuality "1"]

1. d4 Nf6 2. Nf3 g6 3. Nc3 d5 4. g3 Bg7 5. Bg2 0-0 6. 0-0 a6 7. a4 Nc6 8. Bf4 Nh5 9. Bg5 Nf6 10. Qd2 Ne4 11. Nxe4 dxe4 12. Ne5 Nxe5 13. dxe5 Qxd2 14. Bxd2 Bxe5 15. c3 Bf5 16. Rad1 Rfd8 17. Be3 Rd6 18. Rxd6 exd6 19. f3 exf3 20. Bxf3 c6 21. g4 Be6 22. h4 f6 0-1

[Event "Montigny le Bretonneux op 25th"]
[Site "Montigny le Bretonneux"]
[Date "2023.05.20"]
[Round "4"]
[White "Lamorelle, Alexey"]
[Black "Couradin, Jean Marie"]
[Result "1-0"]
[WhiteElo "1293"]
[BlackElo "1476"]
[PlyCount "50"]
[EventDate "2023.05.18"]
[EventType "swiss"]
[EventRounds "9"]
[EventCountry "FRA"]
[SourceTitle "CBM 214 Extra"]
[Source "ChessBase"]
[SourceDate "2023.07.31"]
[SourceVersion "1"]
[SourceVersionDate "2023.07.31"]
[SourceQuality "1"]

1. e4 d6 2. d4 Nf6 3. Nc3 g6 4. Nf3 Bg7 5. Bc4 0-0 6. 0-0 c6 7. Be3 b5 8. Be2 b4 9. e5 Ng4 10. Ne4 Nxe3 11. fxe3 Bf5 12. Ng3 Bd7 13. exd6 exd6 14. Ne4 Qc7 15. Qe1 Bf5 16. Bd3 Bxe4 17. Bxe4 Re8 18. Bd3 a5 19. Qh4 h6 20. e4 Nd7 21. Rf2 c5 22. c3 Nf8 23. Raf1 Re7 24. Kh1 Ra7 25. Bc2 c4 1-0

[Event "Montigny le Bretonneux op 24th"]
[Site "Montigny le Bretonneux"]
[Date "2022.05.29"]
[Round "7"]
[White "Couradin, Jean Marie"]
[Black "Touahir, Ismael"]
[Result "1-0"]
[WhiteElo "1508"]
[BlackElo "1009"]
[PlyCount "79"]
[EventDate "2022.05.26"]
[EventType "swiss"]
[EventRounds "9"]
[EventCountry "FRA"]
[SourceTitle "CBM 208 Extra"]
[Source "ChessBase"]
[SourceDate "2022.07.31"]
[SourceVersion "1"]
[SourceVersionDate "2022.07.31"]
[SourceQuality "1"]

1. e4 e5 2. Nf3 Nc6 3. d4 exd4 4. Nxd4 Nxd4 5. Qxd4 Nf6 6. Nc3 c5 7. Qd3 b6 8. Bf4 Bb7 9. 0-0-0 Bc6 10. f3 Be7 11. g4 0-0 12. e5 Ne8 13. h4 c4 14. Qe3 Bc5 15. Qe2 Qc8 16. Bg2 Nc7 17. Qxc4 Qb7 18. Rd3 Bb5 19. Nxb5 Qc6 20. a4 d5 21. exd6 Nxb5 22. Qxb5 Qxb5 23. axb5 Rfe8 24. Rhd1 a5 25. Bg3 a4 26. f4 a3 27. Bxa8 a2 28. Kd2 Rxa8 29. Ra1 Bb4+ 30. c3 Bc5 31. d7 Be7 32. f5 Re8 33. Rxa2 h6 34. Bc7 Bxh4 35. d8Q Bxd8 36. Rxd8 Rxd8+ 37. Bxd8 g5 38. Ra8 Kh8 39. Bf6+ Kh7 40. Rh8# 1-0

[Event "Montigny le Bretonneux Noel op 19th"]
[Site "Montigny le Bretonneux"]
[Date "2018.12.28"]
[Round "4"]
[White "Claisse, Patrick"]
[Black "Couradin, Jean Marie"]
[Result "1/2-1/2"]
[WhiteElo "1748"]
[BlackElo "1563"]
[PlyCount "121"]
[EventDate "2018.12.26"]
[EventType "swiss"]
[EventRounds "7"]
[EventCountry "FRA"]
[SourceTitle "CBM 188 Extra"]
[Source "ChessBase"]
[SourceDate "2019.02.26"]
[SourceVersion "1"]
[SourceVersionDate "2019.02.26"]
[SourceQuality "1"]

1. e4 e6 2. d4 d5 3. Nd2 Nf6 4. e5 Nfd7 5. Bd3 c5 6. c3 Nc6 7. Ne2 cxd4 8. cxd4 Be7 9. 0-0 0-0 10. a3 f6 11. f4 fxe5 12. fxe5 Rxf1+ 13. Kxf1 Qf8+ 14. Nf3 Qf7 15. Be3 Nf8 16. Rc1 Bd7 17. Qe1 Ng6 18. Kg1 Rf8 19. Qg3 Be8 20. Rf1 Kh8 21. Qg4 Ncxe5 22. dxe5 Nxe5 23. Qd4 Nxd3 24. Qxd3 a6 25. Nc3 Qh5 26. Bd4 Kg8 27. Ne5 Rxf1+ 28. Qxf1 Bf6 29. Qf4 Bg5 30. Qf3 Qh6 31. Bc5 Bf6 32. Nd3 Bc6 33. Qf4 Qxf4 34. Nxf4 d4 35. Nd1 e5 36. Ne2 d3 37. Nec3 e4 38. Be3 Kf7 39. Nf2 Bxc3 40. bxc3 Ke6 41. Kf1 Kd5 42. Ke1 Kc4 43. Kd2 h6 44. g3 h5 45. Nh3 Kb3 46. Bc5 b6 47. Bf8 g6 48. Nf4 Be8 49. Ne6 Bd7 50. Nd4+ Kc4 51. Bh6 a5 52. Bf4 Bg4 53. Bc7 Kc5 54. Bf4 Bd7 55. Be3 Kd5 56. Bg5 Kc4 57. Bf4 b5 58. Be3 b4 59. cxb4 axb4 60. axb4 Kxb4 61. Bf2 1/2-1/2

[Event "Montigny Autumn-B 17th"]
[Site "Montigny le Bretonneux"]
[Date "2018.10.25"]
[Round "6"]
[White "Couradin, Jean Marie"]
[Black "Gazay, Didier"]
[Result "0-1"]
[WhiteElo "1613"]
[BlackElo "1657"]
[PlyCount "46"]
[EventDate "2018.10.20"]
[EventType "tourn"]
[EventRounds "9"]
[EventCountry "FRA"]
[SourceTitle "EXT 2020"]
[Source "ChessBase"]
[SourceDate "2019.10.17"]
[SourceVersion "1"]
[SourceVersionDate "2019.10.17"]
[SourceQuality "1"]

1. e4 e6 2. d4 d5 3. e5 c5 4. Nf3 Nc6 5. Bd3 c4 6. Be2 b5 7. c3 a5 8. 0-0 Be7 9. Re1 h5 10. g3 h4 11. Nbd2 Nh6 12. Nf1 Kd7 13. b3 Kc7 14. bxc4 dxc4 15. a4 Ba6 16. axb5 Bxb5 17. Ba3 hxg3 18. hxg3 g6 19. Ne3 Bxa3 20. Rxa3 Nf5 21. Nxc4 Qf8 22. Ra1 Qh6 23. Kf1 Qh3+ 0-1

[Event "Montigny le Bretonneux op 21st"]
[Site "Montigny le Bretonneux"]
[Date "2017.05.27"]
[Round "5"]
[White "Tanchoux, Pierre"]
[Black "Couradin, Jean Marie"]
[Result "0-1"]
[WhiteElo "1274"]
[BlackElo "1624"]
[PlyCount "70"]
[EventDate "2017.05.25"]
[EventType "swiss"]
[EventRounds "9"]
[EventCountry "FRA"]
[SourceTitle "EXT 2020"]
[Source "ChessBase"]
[SourceDate "2019.10.17"]
[SourceVersion "1"]
[SourceVersionDate "2019.10.17"]
[SourceQuality "1"]

1. e4 c5 2. Nf3 e6 3. c3 Nc6 4. d4 cxd4 5. cxd4 Qc7 6. Bc4 a6 7. d5 Na5 8. Be2 Nf6 9. Nc3 Bd6 10. dxe6 dxe6 11. b3 0-0 12. Bd2 b5 13. Rc1 Nc6 14. Bg5 Be7 15. 0-0 Rd8 16. Qc2 Bb7 17. Bd3 Nb4 18. Qb1 Nxd3 19. Rfd1 Ne5 20. Bxf6 Nxf3+ 21. gxf3 Bxf6 22. Rxd8+ Rxd8 23. Rd1 Rd4 24. Rxd4 Bxd4 25. Qd3 Qb6 26. Qd2 g6 27. Kg2 Qc5 28. Nd1 b4 29. Qf4 Be5 30. Qd2 Bc6 31. a3 Bb5 32. f4 Bc3 33. Qc2 Qd4 34. Ne3 Bd3 35. Qd1 Bxe4+ 0-1

[Event "Montigny le Bretonneux Noel op 17th"]
[Site "Montigny le Bretonneux"]
[Date "2016.12.29"]
[Round "5"]
[White "Barthere, Gilles"]
[Black "Couradin, Jean Marie"]
[Result "1/2-1/2"]
[WhiteElo "1509"]
[BlackElo "1648"]
[PlyCount "57"]
[EventDate "2016.12.26"]
[EventType "swiss"]
[EventRounds "7"]
[EventCountry "FRA"]
[SourceTitle "CBM 176 Extra"]
[Source "ChessBase"]
[SourceDate "2017.03.02"]
[SourceVersion "1"]
[SourceVersionDate "2017.03.02"]
[SourceQuality "1"]

1. e4 c5 2. Nf3 d6 3. d4 cxd4 4. Nxd4 Nf6 5. Nc3 a6 6. Bg5 e6 7. f4 Nbd7 8. Qd2 Be7 9. 0-0-0 b5 10. Nc6 Qc7 11. Nxe7 Kxe7 12. Kb1 Bb7 13. Bxb5 Rhd8 14. Ba4 Nc5 15. Rhe1 Kf8 16. Bxf6 gxf6 17. f5 Rac8 18. Qh6+ Ke7 19. fxe6 Nxa4 20. Qxh7 Nxc3+ 21. bxc3 Kxe6 22. Qf5+ Ke7 23. Rf1 Qxc3 24. e5 Qb4+ 25. Kc1 Qa3+ 26. Kb1 Qb4+ 27. Kc1 Qa3+ 28. Kb1 Qb4+ 29. Kc1 1/2-1/2

[Event "Montigny le Bretonneux Noel op 17th"]
[Site "Montigny le Bretonneux"]
[Date "2016.12.28"]
[Round "3"]
[White "Alif, Yassine"]
[Black "Couradin, Jean Marie"]
[Result "0-1"]
[WhiteElo "1445"]
[BlackElo "1648"]
[PlyCount "89"]
[EventDate "2016.12.26"]
[EventType "swiss"]
[EventRounds "7"]
[EventCountry "FRA"]
[SourceTitle "CBM 176 Extra"]
[Source "ChessBase"]
[SourceDate "2017.03.02"]
[SourceVersion "1"]
[SourceVersionDate "2017.03.02"]
[SourceQuality "1"]

1. e4 c5 2. Nf3 d6 3. d4 cxd4 4. Nxd4 Nf6 5. Nc3 a6 6. Be3 e6 7. f3 b5 8. a3 Be7 9. Be2 Bb7 10. Qd2 Nc6 11. 0-0 Qc7 12. Rad1 Rc8 13. Bg5 Nxd4 14. Qxd4 Qc5 15. Kh1 Qxg5 16. Qb6 Bc6 17. Qxa6 0-0 18. Nxb5 Bxb5 19. Qxb5 Qxb5 20. Bxb5 Rxc2 21. b3 Rb8 22. a4 d5 23. exd5 Nxd5 24. Rc1 Rbc8 25. Bc4 Ne3 26. Rxc2 Nxc2 27. Rc1 Ne3 28. Kg1 Nxc4 29. Rxc4 Rxc4 30. bxc4 Bc5+ 31. Kf1 f5 32. Ke2 Kf7 33. Kd3 Kf6 34. a5 Ke5 35. g3 g5 36. h3 h5 37. a6 g4 38. fxg4 hxg4 39. h4 f4 40. h5 fxg3 41. h6 Kf6 42. h7 Kg7 43. Ke2 g2 44. a7 Bxa7 45. c5 0-1

[Event "Montigny le Bretonneux-B 15th"]
[Site "Montigny le Bretonneux"]
[Date "2016.10.28"]
[Round "7.4"]
[White "Couradin, Jean Marie"]
[Black "Rousseau, Philippe"]
[Result "0-1"]
[WhiteElo "1645"]
[BlackElo "1746"]
[PlyCount "90"]
[EventDate "2016.10.22"]
[EventType "tourn"]
[EventRounds "9"]
[EventCountry "FRA"]
[SourceTitle "EXT 2024"]
[Source "ChessBase"]
[SourceDate "2023.10.10"]
[SourceVersion "1"]
[SourceVersionDate "2023.10.10"]
[SourceQuality "1"]

1. e4 e6 2. d4 d5 3. Nc3 Bb4 4. e5 c5 5. Nf3 Nc6 6. a3 cxd4 7. axb4 dxc3 8. bxc3 h6 9. Bd3 Bd7 10. Be3 Qc7 11. Bd4 Nxd4 12. cxd4 Qc3+ 13. Kf1 Ne7 14. g3 Nc6 15. Kg2 Nxb4 16. Qe2 0-0 17. Rhd1 a6 18. Rab1 Nxd3 19. Rxd3 Qc7 20. h4 Rac8 21. Rd2 Bb5 22. Qe3 Qe7 23. g4 Rc6 24. g5 h5 25. Ne1 f6 26. g6 fxe5 27. Qxe5 Qxh4 28. Nf3 Qg4+ 29. Qg3 Rxf3 30. Qxg4 hxg4 31. Rh1 Rf6 32. Kg3 Rxg6 33. Kf4 Kf7 34. Rh8 Rc3 35. Rb8 Bc6 36. Ke5 Ke7 37. Rc8 Rg5+ 38. Kf4 Kf6 39. Rd3 Rxc2 40. Rf8+ Kg6 41. Kg3 Rf5 42. Rh8 Rcxf2 43. Re3 R2f3+ 44. Rxf3 Rxf3+ 45. Kxg4 Rd3 0-1

[Event "Montigny le Bretonneux-B 15th"]
[Site "Montigny le Bretonneux"]
[Date "2016.10.24"]
[Round "3.5"]
[White "Verat Fayolle, Celian"]
[Black "Couradin, Jean Marie"]
[Result "1-0"]
[WhiteElo "1669"]
[BlackElo "1645"]
[PlyCount "59"]
[EventDate "2016.10.22"]
[EventType "tourn"]
[EventRounds "9"]
[EventCountry "FRA"]
[SourceTitle "EXT 2024"]
[Source "ChessBase"]
[SourceDate "2023.10.10"]
[SourceVersion "1"]
[SourceVersionDate "2023.10.10"]
[SourceQuality "1"]

1. e4 c5 2. Nf3 Nc6 3. d4 cxd4 4. Nxd4 d6 5. Nc3 Nf6 6. Be2 a6 7. 0-0 e6 8. Be3 Qc7 9. f4 Nxd4 10. Bxd4 e5 11. Be3 b5 12. fxe5 dxe5 13. Bg5 Bc5+ 14. Kh1 Bb7 15. Bxf6 gxf6 16. Rxf6 Be7 17. Nd5 Bxd5 18. Qxd5 Bxf6 19. Qxa8+ Ke7 20. Qxa6 Qxc2 21. Qxb5 Qxe4 22. Qc5+ Ke6 23. Bc4+ Kf5 24. Rf1+ Kg6 25. Qf2 Bg5 26. Qxf7+ Kh6 27. Rf3 Qe1+ 28. Bf1 Qe4 29. Rh3+ Bh4 30. Qf6+ 1-0

[Event "Montigny le Bretonneux-C 14th"]
[Site "Montigny le Bretonneux"]
[Date "2015.10.24"]
[Round "8.1"]
[White "Branson, James"]
[Black "Couradin, Jean Marie"]
[Result "0-1"]
[WhiteElo "1642"]
[BlackElo "1678"]
[PlyCount "66"]
[EventDate "2015.10.17"]
[EventType "tourn"]
[EventRounds "9"]
[EventCountry "FRA"]
[SourceTitle "EXT 2024"]
[Source "ChessBase"]
[SourceDate "2023.10.10"]
[SourceVersion "1"]
[SourceVersionDate "2023.10.10"]
[SourceQuality "1"]

1. e4 e6 2. d4 d5 3. Nd2 Nf6 4. e5 Nfd7 5. Bd3 c5 6. c3 Nc6 7. Qg4 Qc7 8. Ngf3 cxd4 9. cxd4 h6 10. 0-0 Nb4 11. Be2 Nb6 12. Nb3 Bd7 13. Bd2 a5 14. Rfc1 Nc4 15. Bxb4 axb4 16. Nbd2 Qb6 17. Nxc4 dxc4 18. Bxc4 g5 19. h4 Be7 20. hxg5 Rg8 21. Qh5 hxg5 22. d5 g4 23. Qh7 Kf8 24. Nd2 g3 25. Ne4 Qd4 26. d6 Bd8 27. Qh6+ Ke8 28. Nf6+ Bxf6 29. Qxf6 Kf8 30. Be2 Bc6 31. Qh6+ Ke8 32. Qe3 gxf2+ 33. Qxf2 Rxg2+ 0-1